El castillo / (Record no. 187537)

MARC details
000 -LEADER
campo de control de longitud fija 00911nam a2200217 i 4500
001 - NÚMERO DE CONTROL
campo de control 187537
003 - IDENTIFICADOR DE NÚMERO DE CONTROL
campo de control ES-MaACL
005 - FECHA Y HORA DE LA ÚLTIMA TRANSACCIÓN
campo de control 20250512063045.0
008 - DATOS DE LONGITUD FIJA--INFORMACIÓN GENERAL
campo de control de longitud fija 171120s2016 sp af |||| | spa d
020 ## - NÚMERO INTERNACIONAL ESTÁNDAR DEL LIBRO
Número Internacional Estándar del Libro 978-84-944749-2-7
080 ## - NÚMERO DE LA CLASIFICACIÓN DECIMAL UNIVERSAL
Número de la Clasificación Decimal Universal 821.134.2-14"19"
100 1# - ENTRADA PRINCIPAL--NOMBRE DE PERSONA
Nombre de persona Díez de la Cortina Montemayor, Susana,
Fechas asociadas al nombre 1966-
9 (RLIN) 240351
245 13 - MENCIÓN DEL TÍTULO
Título El castillo /
Mención de responsabilidad, etc. Susana Diez de la Cortina Montemayor ; [ilustraciones, Antonio Fernández Heliodoro].
260 ## - PUBLICACIÓN, DISTRIBUCIÓN, ETC.
Lugar de publicación, distribución, etc. Morata de Tajuña, Madrid :
Nombre del editor, distribuidor, etc. Manuscritos,
Fecha de publicación, distribución, etc. [2016]
300 ## - DESCRIPCIÓN FÍSICA
Extensión 95 p., [22] h. de lám. col. ;
Dimensiones 20 cm.
700 1# - ENTRADA AGREGADA--NOMBRE PERSONAL
Nombre de persona Fernández Heliodoro, Antonio.
9 (RLIN) 49842
852 ## - LOCALIZACIÓN
Ubicación ES-MaACL
Número de control de estantería A-14080
itemnumber 194616
Sublocalización o colección R.151431
Ubicación en estantería Depósito 1
Signatura antigua Olim: N-7080
Donativo/Legado Donación: Susana Diez de la Cortina Montemayor
903 ## - NOMBRE PERSONAL DE DONANTE
a Díez de la Cortina Montemayor, Susana,
d 1966-
e Donante
9 240351
942 ## - ELEMENTOS DE ENTRADA SECUNDARIOS (KOHA)
Fuente del sistema de clasificación o colocación Clasificación decimal universal
Tipo de ítem Koha Libro impreso
Holdings
Estatus retirado Estado de pérdida Fuente del sistema de clasificación o colocación Estado de daño No para préstamo Biblioteca de origen Biblioteca actual Ubicación en estantería Fecha de adquisición Fuente de adquisición Total de préstamos Signatura topográfica completa Código de barras Visto por última vez Precio de reemplazo Tipo de ítem Koha Nota pública
    Clasificación decimal universal     Biblioteca del Ateneo de Madrid Biblioteca del Ateneo de Madrid Depósito 1 20/11/2017 Donación   A-14080 1198062 23/02/2023 23/02/2023 Libro impreso Dedicatoria autógrafa de la autora